| 000 | 00939nam a22002297a 4500 | ||
|---|---|---|---|
| 003 | OSt | ||
| 005 | 20260323033101.0 | ||
| 008 | 260323b |||||||| |||| 00| 0 eng d | ||
| 020 | _a9781339027692 | ||
| 040 |
_aDWCL GS lib _cOC |
||
| 082 | _aF St857 2024 | ||
| 100 | _aStilton, Geronimo | ||
| 245 |
_aTreasures of the Maya _cGeronimo Stilton |
||
| 260 |
_aNew York _bScholastic Inc. _cc2024. |
||
| 300 |
_avii, 109 pages: _billustrations _c17cm. |
||
| 520 | _aTreasures of the Maya (Geronimo Stilton #83) is a 2024 children's mystery adventure where Geronimo sets out to rescue his sister, Thea, who goes missing in Chichén Itzà, Mexico. While on a secret assignment protecting an ancient Mayan necklace, Thea disappears, forcing Geronimo to travel to the jungle to solve the mystery. | ||
| 546 | _aEnglish | ||
| 650 | _aChildren’s comics | ||
| 650 | _a action & adventure | ||
| 650 | _amystery | ||
| 942 |
_2ddc _cFIC. _hFic. _n0 |
||
| 999 |
_c9265 _d9265 |
||